000 01683nam0a2200337 4500
001 RU\NLR\bibl\1025582
005 20250614235300.0
010 _a5-289-02382-8
_bВ пер.
_915050
021 _aRU
_b2006-71061
_93577
035 _a(nilc)RSL-KNO-002965694
035 _a(NLR Aleph) 001013089
090 _a651031
_c651031
100 _a20061107d2006 |||y0rusy50 ca
101 1 _arus
_cfre
102 _aRU
105 _ay |||||||||
200 1 _aВарфоломеевская ночь
_eперевод с французского
_fПонсон дю Террайль
210 _aСанкт-Петербург
_cЛениздат
_d2006
215 _a383, [1] с.
_d21
225 1 _aМолодость короля Генриха IV
327 1 _aСодерж.: Романы: Варфоломеевская ночь; Королева баррикад. Сейм в Блуа
610 0 _aФилологические науки. Художественная литература -- Франция -- Литература Франции -- кон. 18 - 19 в. (1789 - 1871) -- Произведения художественной литературы -- Художественная проза -- Романы. Повести. Рассказы -- Исторические романы, повести, рассказы
686 _aШ5(4Фр)52-644.2
_2rubbk
686 _aШ6(4Фр)57-440.4{Лх1647-50}
700 1 _aПонсон дю Террайль
_bП. А.
_f1829-1871
_gПьер Алексис
_4070
801 0 _aRU
_bРКП
_c20061107
_grcr
801 1 _aRU
_bРГБ
_c20061107
801 2 _aRU
_bNLR
_c20061220
_grcr
942 _cBOOK
980 _aNB